000 00415nam a2200169Ia 4500
001 3948
003 IN-NITTTR
005 20251114232953.0
008 251113s9999||||xx |||||||||||||| ||eng||
040 _beng
040 _cIN-NITTTR
041 _aeng
082 _a671 W691M
245 0 _aManufacturing planning and estimating handbook. /
_cHarvey, Philip D., ed.
700 _aHarvey, Philip D.
942 _2ddc
_cBK
999 _c6336
_d6336